000 00413nam a22001457a 4500
999 _c144787
_d144787
082 _aM301
_bDAY/K
100 _aDayananda Tirtha Swami
245 _aKrishnavathara Katha (bhagam 2)/
_cby Dayananda Tirtha Swami
260 _aKottayam:
_bSahitya Pravarthaka Cooperative Society,
_c1992.
300 _a83p.
650 _aStories Malayalam
650 _aLiterature Malayalam
650 _aLiterature
942 _cBK